[Event "FRA-chT2 0304"]
[Site "France"]
[Date "2003.11.16"]
[Round "3"]
[White "Hubert, Benoit"]
[Black "Rainfray, Arnaud"]
[Result "0-1"]
[WhiteElo "2180"]
[BlackElo "2409"]
[PlyCount "84"]
[EventDate "2003.10.??"]
[EventType "team"]
[EventRounds "11"]
[EventCountry "FRA"]
[SourceTitle "EXT 2005"]
[Source "ChessBase"]
[SourceDate "2004.11.15"]
[SourceVersion "1"]
[SourceVersionDate "2004.11.15"]
[SourceQuality "1"]
[WhiteTeam "Le Mans"]
[BlackTeam "Bordeaux Echecs I"]
[WhiteTeamCountry "FRA"]
[BlackTeamCountry "FRA"]

1. Nf3 d5 2. d4 Nf6 3. g3 e6 4. Bg2 c5 5. 0-0 Nc6 6. c4 Be7 7. Nc3 0-0 8. cxd5 exd5 9. h3 Ne4 10. Be3 Nxc3 11. bxc3 c4 12. a4 Bd6 13. Nd2 Ne7 14. f4 Bc7 15. Bf2 Re8 16. e4 dxe4 17. Nxe4 Bf5 18. Re1 Ba5 19. Ra3 Nd5 20. Qc1 Bxe4 21. Rxe4 Rxe4 22. Bxe4 Qd6 23. Bf3 Re8 24. Qb2 b6 25. Qb5 Nc7 26. Qb2 Qg6 27. Qd2 Qf5 28. Kg2 Nd5 29. Bg1 h5 30. h4 g6 31. Bf2 Nf6 32. Bg1 Ne4 33. Qe2 Nd6 34. Qd2 Ne4 35. Qe2 Nf6 36. Qd2 Kf8 37. d5 Rd8 38. Bd4 Nxd5 39. Ra2 Kg8 40. Qe1 Kh7 41. Re2 Nxf4+ 42. gxf4 Rxd4 0-1